Eastenders- Stacey Slater - Statistics

General Stats
  • This quiz has been taken 191 times
  • The average score is 17 of 28
Answer Stats
Hint Answer % Correct
Who did she have an affair in 2006 and 2007? Max Branning
95%
What is her mothers name? Jean Slater
93%
Who plays Stacey? Lacey Turner
93%
What is her brothers name? Sean Slater
90%
What disorder was Stacey diagnosed with in 2010? Bi-Polar
88%
Who did Stacey marry in November 2007? Bradley Branning
88%
What is the name of her first child? Lily
88%
Who did she marry in 2016? Martin Fowler
88%
Who discovered their affair? Lauren Branning
86%
When was the affair revealed? Christmas Day 2007
84%
Who raped Stacey, and was later murdered by her? Archie Mitchell
83%
What is the name of her second child? Arthur
76%
What is the name of the daughter she had wih Martin? Hope
71%
Who is the child's father? Ryan Malloy
69%
When did she first appear on the square? 1st November 2004
68%
Name her stepdaughter Rebecca Fowler
66%
Who was her best friend? Danielle Jones
45%
What is her fathers name? Brian Slater
44%
Who is this child's father? Kush Kazemi
40%
Who called social services on Stacey in 2017? Carmel Kazemi
38%
Name her half brother Kyle Slater
38%
What is the name of her cousin who appears in January 2018? Hayley
33%
What was Stacey's alias when she reappeared in 2014? Jenny Smith
26%
Who played him? Matt Willis
21%
Name one of her half sisters Shannon Slater and Siobhan Slater
15%
What was the name of her boyfriend? Luke Riley
13%
Where did Stacey go when she fleed the square in 2010? Mexico
10%
What condition develop as a result of this child's birth? Postpartum Pyschosis
4%
No matching quizzes found
Score Distribution
Percent of People with Each Score
Percentile by Number Answered
Your Score History
You have not taken this quiz